000 00688nam a2200241Ia 4500
003 OSt
005 20221005052050.0
006 a|||||r|||| 00| 0
007 ta
008 221004b |||||||| |||| 00| 0 eng d
024 _a34632
037 _cTextual
040 _aCRL
_cCRL
_beng
041 _2eng
_aeng
082 _aY:434.3, A
100 _aSmith John Thomas
_9596523
245 0 _aVagabondiana or, anecdotes of mendicant wanderers through the streets of London.
260 _aLondon
_bChatto and Windus Piccadilly
_c1874
300 _a36p+v.p.
_ccm.
650 _aSOCIOLOGY
942 _hY:434.3, A
_cTEXL
_2cc
999 _c959717
_d959717